000
00292nam a2200109Ia 4500
008
220204s9999 xx 000 0 und d
082
_a
338.26
_b
SIX;2
245
0
_a
Sixth five year plan 1980-85
260
_a
New Delhi
_b
Planning Commission
_c
1980
650
_a
Sixth five year plan
942
_c
BK
999
_c
37991
_d
37991